LEADER 00891nam0 2200301 450 001 9910919748403321 005 20250109122727.0 010 $a9781800374133 100 $a20250109d2023----km y0itay50 ba 101 0 $aeng 102 $aGB 105 $a 001yy 200 1 $aAdvanced introduction to federalism$fAlain G. Gagnon, Arjun Tremblay 210 $aCheltenham, UK ; Northampton, MA$cEdward Elgar$d2023 215 $aVIII,152 P.$d22 cm 225 1 $aAdvanced Introductions 454 0$12001 610 0 $aFederalismo$aSociologia e Politica 676 $a321.02$v22$zita 700 1$aGagnon,$bAlain G.$0281714 701 1$aTremblay,$bArjun$01057859 801 0$aIT$bUNINA$gREICAT$2UNIMARC 901 $aBK 912 $a9910919748403321 952 $a321.02 GAG 1$b12432$fBFS 959 $aBFS 996 $aAdvanced introduction to federalism$94306287 997 $aUNINA LEADER 02952oam 2200841I 450 001 9910958060303321 005 20251117120119.0 010 $a1-134-61785-2 010 $a1-134-61786-0 010 $a1-280-18243-1 010 $a0-585-44706-3 010 $a9786610182435 010 $a0-203-20726-2 024 7 $a10.4324/9780203207260 035 $a(CKB)1000000000004370 035 $a(EBL)179827 035 $a(OCoLC)559388585 035 $a(SSID)ssj0000331367 035 $a(PQKBManifestationID)12117170 035 $a(PQKBTitleCode)TC0000331367 035 $a(PQKBWorkID)10325383 035 $a(PQKB)10759038 035 $a(SSID)ssj0000300893 035 $a(PQKBManifestationID)11273045 035 $a(PQKBTitleCode)TC0000300893 035 $a(PQKBWorkID)10259835 035 $a(PQKB)10992363 035 $a(SSID)ssj0000281129 035 $a(PQKBManifestationID)11214309 035 $a(PQKBTitleCode)TC0000281129 035 $a(PQKBWorkID)10305857 035 $a(PQKB)23229816 035 $aebr10017373 035 $a(MiAaPQ)EBC179827 035 $a(Au-PeEL)EBL179827 035 $a(CaPaEBR)ebr10070851 035 $a(CaONFJC)MIL18243 035 $a(OCoLC)314180237 035 $a(OCoLC)1226773596 035 $a(FINmELB)ELB147371 035 $a(EXLCZ)991000000000004370 100 $a20180331d1928 uy 0 101 0 $aeng 135 $aur|n|---||||| 181 $ctxt 182 $cc 183 $acr 200 10$aJudgement and reasoning in the child /$fJean Piaget ; in collaboration with M.E. Cartalis. [et al.] 205 $a1st ed. 210 $aLondon $cRoutledge$d2002 210 1$aLondon :$cRoutledge,$d1928. 215 $a1 online resource (269 p.) 225 1 $aInternational library of psychology 225 1 $aInternational library of psychology. Developmental psychology ;$v23 300 $aOriginally published: London : Routledge and K. Paul, 1928. 311 08$a0-415-75797-5 311 08$a0-415-21003-8 327 $aBook Cover; Title; Contents; ; GRAMMAR AND LOGIC; ; FORMAL THOUGHT AND RELATIONAL JUDGMENTS; ; THE GROWTH OF RELATIVITY IN IDEAS AND NOTIONS; ; HOW THE CHILD REASONS; ; SUMMARY AND CONCLUSIONS; ; NOTE ON THE COEFFICIENT OF EGO-CENTRISM; INDEX 330 $aOver a period of six decades, Jean Piaget conducted a program of naturalistic research that has profoundly affected our understanding of child development. 410 0$aInternational library of psychology.$pDevelopmental psychology ;$vv. 23. 410 0$aInternational library of psychology. 606 $aChild psychology 615 0$aChild psychology. 676 $a155.41343 700 $aPiaget$b Jean$f1896-1980,$024722 701 $aCartalis$b E$01880434 801 0$bMiAaPQ 801 1$bMiAaPQ 801 2$bMiAaPQ 906 $aBOOK 912 $a9910958060303321 996 $aJudgement and reasoning in the child$94494407 997 $aUNINA